Bu evde grev var ! : (Kayıt no. 22622)

MARC ayrıntıları
000 -BAŞLIK
Sabit Uzunluktaki Kontrol Alanı 00609nam a22001937a 4500
003 - KONTROL NUMARASI KİMLİĞİ
Kontrol Alanı koha_MIRAKIL
005 - EN SON İŞLEM TARİHİ ve ZAMANI
Kontrol Alanı 20250924112419.0
008 - SABİT UZUNLUKTAKİ VERİ ÖGELERİ - GENEL BİLGİ
Sabit Alan 250924b tur||||| |||| 00| 0 tur d
020 ## - ISBN - ULUSLARARASI STANDART KİTAP NUMARASI
Isbn 9786052859360
040 ## - KATALOGLAMA KAYNAĞI
Özgün Kataloglama Kurumu TR-IsEVY
Kataloglama Dili tur
Çeviri Kurumu TR-IsEVY
082 ## - DEWEY ONU SINIFLAMA SİSTEMİ
Sınıflama Numarası FIC MIM/B
100 ## - KİŞİ ADI
Yazar Adı (Kişi adı) Mim
245 #0 - ESER ADI BİLDİRİMİ
Başlık Bu evde grev var ! :
Alt Eseradı vb. şenlik ailesi /
Sorumluluk Bildirimi Mim ; resimleyen Diego Funck.
260 ## - YAYIN, DAĞITIM, VB.
Yayın Yeri İzmir :
Yayınevi Tudem,
Yayın Tarihi 2024.
300 ## - FİZİKSEL TANIMLAMA
Sayfa, Cilt vb. 80 s. :
Diğer fiziki detaylar renkli resimli ;
Boyutları 20 cm.
650 ## - KONU BAŞLIĞI EK GİRİŞ - KONU TERİMİ
Konusal terim veya coğrafi ad Çocuk Edebiyatı.
Alt başlık biçimi Çocuk Hikayeleri.
-- Grev Yapma.
-- Aile İlişkileri.
700 1# - EK GİRİŞ - KİŞİ ADI
Yazar Adı (Kişi adı) Funck, Diego.
Ünvan resimleyen.
942 ## - EK GİRİŞ ÖGELERİ (KOHA)
Source of classification or shelving scheme Dewey Decimal Classification
Koha item type Kitap
Mevcut
Kayıp Durumu Sınıflandırma Kaynağı Hasarlı Durumu Koleksiyon Kodu Kalıcı Konum Mevcut Konum Kayıt Tarih Edinim Kaynağı Toplam Ödünçverme Yer Numarası Demirbaş Numarası Çıkış Durumu Son Görülme Tarihi Son Kontrol Tarihi Fatura Tarihi Materyal Türü
  Dewey Decimal Classification   İlkokul İLKOKUL KÜTÜPHANESİ İLKOKUL KÜTÜPHANESİ 24/09/2025 Bağış 1 FIC MIM/B 23999 13/10/2025 29/09/2025 29/09/2025 24/09/2025 Kitap